Statystyki dla Sia - Wszystkie piosenki

Kliknij tutaj aby rozwiązać quiz!

Ogólne statystyki

  • Ten quiz został rozwiązany 30 razy
  • Średni wynik to 11 z 153

Statystyki odpowiedzi

Tytuł piosenki% Poprawnych
Chandelier
65%
Elastic Heart
65%
Alive
47%
Snowman
47%
Cheap Thrills
35%
Unstoppable
35%
Bird Set Free
29%
Flames
29%
Move Your Body
29%
The Greatest
29%
Titanium
29%
1+1
18%
Big Girls Cry
18%
Dusk Till Down
18%
Never Give Up
18%
Together
18%
Academia
12%
Angel By The Wings
12%
Big Girl Little Girl
12%
Broken Glass
12%
Buttons
12%
Cellophane
12%
Courage to Change
12%
Everyday Is Christmas
12%
Eye To Eye
12%
Fire Meet Gasoline
12%
Floating Through Space
12%
Ho Ho Ho
12%
Jesus Wept
12%
Miracle
12%
Music
12%
Never Gonna Leave Me
12%
Rainbow
12%
Saved My Life
12%
She Wolf
12%
Snowflake
12%
Soon We'll Be Found
12%
Sunshine
12%
Wild Ones
12%
You've Changed
12%
Bang My Head
6%
Beautiful Calm Driving
6%
Beautiful Things Can Happen
6%
Be Good To Me
6%
Breathe Me
6%
Bring Night
6%
Burn the Pages
6%
California Dreamin'
6%
Candy Cane Lane
6%
Clap Your Hands
6%
Cloud
6%
Confetti
6%
Day Too Soon
6%
Death By Chocolate
6%
Dressed In Black
6%
Electric Bird
6%
Eye of the Needle
6%
Fair Game
6%
Footprints
6%
Free the Animal
6%
Helium
6%
Hey Boy
6%
Hostage
6%
I Go To Sleep
6%
I'm In Here
6%
I'm Still Here
6%
Lentil
6%
Lie To Me
6%
Little Black Sandals
6%
Lullaby
6%
Midnight Decisions
6%
Oblivion
6%
Oh Father
6%
Play Dumb
6%
Playground
6%
Puppies Are Forever
6%
Reaper
6%
Santa's Coming for Us
6%
Space Between
6%
Stop Trying
6%
Sunday
6%
Sweet Design
6%
The Co-Dependent
6%
The Fight
6%
The Girl You Lost
6%
Underneath the Christmas Lights
6%
Where I Belong
6%
You Have Been Loved
6%
You're Never Fully Dressed Without A Smile
6%
Battle Cry
0%
Beautiful Pain
0%
Blow It All Away
0%
Broken Biscuit
0%
Butterflies
0%
Cares At The Door
0%
Deer In Headlights
0%
Destiny
0%
Don't Bring Me Down
0%
Dragging You Around
0%
Drink to Get Drunk
0%
Dynamite
0%
Fear
0%
Free Me
0%
Get Me
0%
Golden
0%
Guts Over Me
0%
Healing Is Difficult
0%
Here I Am
0%
House On Fire
0%
Hurting Me Now
0%
I Love It
0%
I'm Not Important to You
0%
Insidiously
0%
Ja te pedronne
0%
Judge Me
0%
Kill And Run
0%
Let's Love
0%
Light Headed
0%
Like a River Runs
0%
Little Man
0%
Living Out Loud
0%
Lucky
0%
Magic
0%
Moon
0%
Moonquake Lake
0%
Natale's Song
0%
Numb
0%
One Millions Bullets
0%
Original
0%
Paranoid Android
0%
Rewrite
0%
Round and Round
0%
Salted Wound
0%
Satisfied
0%
Sing for My Life
0%
Sober and Unkissed
0%
So Bored
0%
Somersault
0%
Straight for the Knife
0%
Suitcase
0%
Sweet Potato
0%
Taken for Granted
0%
The Bully
0%
The Church of What’s Happening Now
0%
The Girl You Lost To Cocaine
0%
The Old Santa Claus
0%
The Whispeper
0%
Throw It All Away
0%
To Be Human
0%
Under the Milky Way
0%
Unforgettable
0%
Waterfall
0%
Waving Goodbye
0%

Rozkład punktacji

Percentyl według liczby udzielonych odpowiedzi

Procent ludzi z każdym wynikiem

Twoja historia wyników

Nie rozwiązałeś tego quizu